[Event "Tournoi francophone 013"]
[Site "Skype"]
[Date "????.??.??"]
[Round "6.2"]
[White "Lambert, Pierre"]
[Black "Thevenet, Yann"]
[Result "0-1"]
[WhiteElo "1647"]
[BlackElo "1986"]
[PlyCount "110"]

1. e4 e5 2. Nf3 Nc6 3. Bb5 a6 4. Ba4 Bc5 5. O-O f6 6. c3 d6 7. h3 h5 8. d4 Ba7
9. Be3 Bd7 10. Re1 g5 11. Nh2 Qe7 12. d5 Nd8 13. Bxa7 Rxa7 14. Bxd7+ Qxd7 15.
Nd2 Ne7 16. Ndf1 Ng6 17. Ng3 Qh7 18. Re3 Nf7 19. Nf5 g4 20. h4 Nh6 21. Nxh6
Qxh6 22. g3 O-O 23. Qd3 Raa8 24. Nf1 Rf7 25. Re2 Raf8 26. Ne3 Ne7 27. Nf5 Nxf5
28. exf5 Qh7 29. Rf1 Rd8 30. f3 gxf3 31. Qxf3 Rg7 32. Re4 Kh8 33. Rf2 Rdg8 34.
Rg2 Rg4 35. Kh2 Rxe4 36. Qxe4 Rg4 37. Qf3 Qd7 38. Re2 Qb5 39. b3 c6 40. c4 Qc5
41. Re4 Rxe4 42. Qxe4 Qf2+ 43. Kh3 c5 44. a4 a5 45. Qd3 Kg7 46. Qe4 b6 47. Qd3
Qe1 48. Qf3 e4 49. Qg2 e3 50. g4 e2 51. gxh5+ Kf8 52. h6 Qf1 53. h7 Qxf5+ 54.
Qg4 Qxg4+ 55. Kxg4 Kg7 0-1

[Event "Tournoi francophone 013"]
[Site "Skype"]
[Date "????.??.??"]
[Round "6.4"]
[White "Trivedi, Viral"]
[Black "Deville, Olivier"]
[Result "1/2-1/2"]
[WhiteElo "1230"]
[BlackElo "1823"]
[PlyCount "27"]

1. d4 Nf6 2. Bf4 e6 3. e3 c5 4. c3 Nc6 5. Nd2 d5 6. Bd3 Bd6 7. Bxd6 Qxd6 8. f4
cxd4 9. cxd4 Bd7 10. Ngf3 Rc8 11. O-O O-O 12. a3 Ng4 13. Qe2 f5 14. h3 1/2-1/2

[Event "Tournoi francophone 013"]
[Site "Skype"]
[Date "????.??.??"]
[Round "6.5"]
[White "Meyer, Eric"]
[Black "Scata, Laura"]
[Result "1-0"]
[WhiteElo "1675"]
[BlackElo "1366"]
[PlyCount "35"]

1. d4 c6 2. Bf4 d5 3. e3 Nf6 4. Bd3 e6 5. Nd2 c5 6. c3 Nc6 7. Ngf3 Bd6 8. Bg3
b6 9. Ne5 Bb7 10. f4 Nd7 11. O-O O-O 12. Qh5 g6 13. Qh6 Be7 14. Ndf3 f6 15.
Bxg6 hxg6 16. Nxg6 Re8 17. Qh8+ Kf7 18. Qh7# 1-0

[Event "Tournoi francophone 013"]
[Site "Skype"]
[Date "????.??.??"]
[Round "6.6"]
[White "Hurtado De Mendoza, Ramon Miguel"]
[Black "Le Brun, Yves"]
[Result "1/2-1/2"]
[WhiteElo "1549"]
[BlackElo "1338"]
[PlyCount "104"]

1. e4 c6 2. d4 d5 3. Nc3 dxe4 4. Nxe4 Bf5 5. Bd3 Bg6 6. Nf3 e6 7. Qe2 Be7 8.
Bf4 Nd7 9. Nd6+ Bxd6 10. Bxd6 Ndf6 11. Be5 Qe7 12. Bxg6 hxg6 13. O-O-O Nh6 14.
h3 Nf5 15. g4 Nd6 16. c4 O-O 17. c5 Nde8 18. Nh2 Nd5 19. g5 Qxg5+ 20. Kb1 Qf5+
21. Ka1 f6 22. Bg3 a5 23. a3 a4 24. Nf3 Nf4 25. Bxf4 Qxf4 26. Qxe6+ Rf7 27. Qg4
Qxg4 28. hxg4 Nc7 29. Nh4 Kh7 30. Nf5+ Kg8 31. Nd6 Re7 32. Rde1 Rxe1+ 33. Rxe1
Nd5 34. Nxb7 Nf4 35. Nd6 Nd3 36. Re2 Nc1 37. Re8+ Rxe8 38. Nxe8 Nb3+ 39. Ka2
Nxd4 40. Nd6 Nb3 41. Nb7 Kf8 42. Nd8 Ke8 43. Nxc6 Nxc5 44. Nd4 Kd7 45. Kb1 Kd6
46. Kc2 Kd5 47. b4 axb3+ 48. Nxb3 Na4 49. Nd2 Kd4 50. Nb3+ Kc4 51. Nd2+ Kd4 52.
Nb3+ Kc4 1/2-1/2

[Event "Tournoi francophone 013"]
[Site "Skype"]
[Date "????.??.??"]
[Round "6.7"]
[White "Violette, Didier"]
[Black "Megelas, Florent"]
[Result "0-1"]
[WhiteElo "1520"]
[BlackElo "1539"]
[PlyCount "92"]

1. e4 c5 2. Nf3 d6 3. d4 cxd4 4. Nxd4 Nf6 5. Nc3 a6 6. Be3 e5 7. Nb3 Be7 8. Be2
O-O 9. Qd2 b5 10. f3 Nbd7 11. O-O-O Nb6 12. a3 Be6 13. Kb1 Rc8 14. Bxb6 Qxb6
15. Nd5 Nxd5 16. exd5 Bf5 17. Bd3 Bxd3 18. Qxd3 Bf6 19. h4 Qc7 20. g4 Be7 21.
Nd2 Qd8 22. Ne4 f6 23. g5 f5 24. Ng3 Qd7 25. Rdg1 Rc7 26. Ne2 Rfc8 27. c3 Rf8
28. f4 Rc4 29. Rf1 Re4 30. Ng3 Rxf4 31. Rxf4 exf4 32. Ne2 f3 33. Nd4 f2 34. Ne6
Rf7 35. Qe3 Bf8 36. Qxf2 f4 37. Qb6 f3 38. Rf1 Rf5 39. Qc6 Qf7 40. Qxa6 Rxd5
41. Nd4 f2 42. Qc8 Re5 43. Nc2 Re2 44. Qg4 Qe7 45. Qg3 Qe4 46. Rxf2 Qxc2+ 0-1

[Event "Tournoi francophone 013"]
[Site "Skype"]
[Date "????.??.??"]
[Round "6.8"]
[White "Bourdeau, Yvan"]
[Black "Gerbaux, Regis"]
[Result "1-0"]
[WhiteElo "1383"]
[BlackElo "1073"]
[PlyCount "65"]

1. d4 d5 2. Nf3 Nf6 3. Bf4 Bf5 4. e3 e6 5. Bd3 Bxd3 6. Qxd3 Nbd7 7. Nbd2 c5 8.
c3 Be7 9. h4 O-O 10. h5 c4 11. Qc2 Rc8 12. Ng5 h6 13. Ngf3 Ng4 14. Ne5 Ndxe5
15. dxe5 Qb6 16. Nf3 f6 17. O-O fxe5 18. Nxe5 Nxe5 19. Bxe5 Rf5 20. Bd4 Qd6 21.
f4 Rxh5 22. Qg6 e5 23. Qxh5 exd4 24. exd4 Rf8 25. Qe5 Qd8 26. Rae1 Bd6 27. Qe6+
Kh8 28. g3 Rf6 29. Qxd5 Rg6 30. Qg2 Qf6 31. Re8+ Kh7 32. Qe4 Qh4 33. Rh8+ 1-0

[Event "Tournoi francophone 013"]
[Site "Skype"]
[Date "????.??.??"]
[Round "6.9"]
[White "Elias, Roberto"]
[Black "Amato, Ludovica"]
[Result "1-0"]
[WhiteElo "1782"]
[BlackElo "1346"]
[PlyCount "73"]

1. c4 e5 2. Nc3 Nf6 3. e3 Nc6 4. Nge2 Be7 5. d4 d5 6. dxe5 Nxe5 7. cxd5 O-O 8.
e4 h6 9. Bf4 Ng6 10. Be3 Re8 11. Ng3 Bd6 12. Bd3 Nf4 13. O-O Nxd3 14. Qxd3 Bxg3
15. hxg3 Bg4 16. f3 Bh5 17. g4 Bg6 18. g5 hxg5 19. Bxg5 a6 20. Qd4 Qd6 21. Rad1
Rad8 22. Qf2 Qe5 23. Qh4 b5 24. f4 Qe7 25. e5 Qc5+ 26. Qf2 Qxf2+ 27. Rxf2 b4
28. exf6 bxc3 29. bxc3 Be4 30. c4 c6 31. d6 Re6 32. c5 gxf6 33. Bh4 Bd5 34. f5
Re4 35. Bxf6 Rd7 36. Rb2 Re8 37. Kf2 1-0

[Event "Tournoi francophone 013"]
[Site "Skype"]
[Date "????.??.??"]
[Round "6.10"]
[White "Leyton Calderon, Jairo Oswaldo"]
[Black "Bucherie, Volcy"]
[Result "1-0"]
[WhiteElo "1526"]
[BlackElo "1336"]
[PlyCount "99"]

1. Nf3 Nf6 2. b3 g6 3. Bb2 Bg7 4. e3 O-O 5. Be2 d5 6. c4 e6 7. O-O Nc6 8. d4
Qd6 9. Nc3 Ne4 10. Rc1 Nxc3 11. Bxc3 Nb4 12. Ra1 b6 13. a3 Nc6 14. b4 a5 15. c5
bxc5 16. bxc5 Qd7 17. Bb5 Ba6 18. Bxa6 Rxa6 19. Qe2 Qc8 20. Rfb1 Qa8 21. Rb5
Na7 22. Rxa5 Rxa5 23. Bxa5 c6 24. Qd3 Nb5 25. Bb6 Rb8 26. h3 Rb7 27. Nd2 e5 28.
Nb3 e4 29. Qd2 f5 30. a4 Na7 31. Qa5 Qb8 32. Qd2 Nc8 33. a5 Nxb6 34. axb6 h5
35. Ra6 Bh6 36. Qa2 f4 37. Ra8 fxe3 38. Rxb8+ Rxb8 39. fxe3 Bxe3+ 40. Kh1 Rf8
41. b7 Rf1+ 42. Kh2 Bf4+ 43. g3 Bc7 44. Qa8+ Kg7 45. b8=Q Rf2+ 46. Kg1 Rb2 47.
Qxc7+ Kf6 48. Qaxc6+ Kf5 49. Qxd5+ Kf6 50. Qcf7# 1-0

[Event "Tournoi francophone 013"]
[Site "Skype"]
[Date "????.??.??"]
[Round "6.11"]
[White "Briere, Jean"]
[Black "Martin, Jean-Claude"]
[Result "1-0"]
[WhiteElo "1435"]
[BlackElo "1315"]
[PlyCount "65"]

1. e4 e5 2. Nf3 Nc6 3. Bc4 Bc5 4. d3 Nf6 5. O-O O-O 6. Be3 Bxe3 7. fxe3 h6 8.
Nc3 d6 9. h3 a6 10. d4 exd4 11. exd4 b5 12. Bd5 Bb7 13. a3 Rb8 14. b4 Ne7 15.
Bxb7 Rxb7 16. e5 dxe5 17. dxe5 Nfd5 18. Nxd5 Nxd5 19. Qd3 Nf4 20. Qxd8 Rxd8 21.
Rad1 Rbb8 22. Nd4 Rb6 23. Rxf4 g5 24. Rf5 Re6 25. c3 Rd5 26. Re1 Re8 27. Kf2 c5
28. bxc5 Rxc5 29. Re3 Rc4 30. e6 fxe6 31. Nxe6 Rcc8 32. Rfe5 Kh7 33. Nxg5+ 1-0

[Event "Tournoi francophone 013"]
[Site "Skype"]
[Date "????.??.??"]
[Round "6.12"]
[White "Le Bouill, Pierre"]
[Black "Ortiz, Vladimir"]
[Result "1/2-1/2"]
[WhiteElo "1252"]
[BlackElo "1419"]
[PlyCount "34"]

1. e4 d5 2. d3 dxe4 3. Nc3 exd3 4. Bxd3 Nc6 5. Bb5 Qxd1+ 6. Nxd1 Bd7 7. Nf3 a6
8. Bc4 e6 9. Bf4 Bd6 10. Bg3 Bxg3 11. hxg3 Nge7 12. Ne3 Ng6 13. c3 Nce5 14. Be2
Bc6 15. a3 Nxf3+ 16. Bxf3 Bxf3 17. gxf3 O-O-O 1/2-1/2

[Event "Tournoi francophone 013"]
[Site "Skype"]
[Date "????.??.??"]
[Round "6.13"]
[White "Couto, Januario"]
[Black "L'Herbon De Lussats, Jean"]
[Result "1-0"]
[WhiteElo "1387"]
[BlackElo "1272"]
[PlyCount "125"]

1. e4 c5 2. c3 d6 3. Nf3 Nf6 4. h3 Nxe4 5. Qa4+ Bd7 6. Qxe4 Bc6 7. Qe2 Nd7 8.
d4 cxd4 9. Nxd4 e5 10. Nxc6 bxc6 11. Nd2 d5 12. Nf3 e4 13. Bf4 Nf6 14. Nd4 Qb6
15. Be3 Qc7 16. Qc2 Bd6 17. Nf5 O-O 18. Nxd6 Qxd6 19. Be2 Rfb8 20. O-O c5 21.
Rfd1 Rb6 22. b3 Rc8 23. Qd2 h6 24. Bf4 Qe6 25. g4 Nh7 26. f3 f5 27. Qxd5 Qxd5
28. Rxd5 fxg4 29. hxg4 Rg6 30. Kf2 Nf6 31. Rd6 Kh7 32. Rg1 Rf8 33. Ke3 Re8 34.
g5 exf3+ 35. Kxf3 Ne4 36. Rxg6 Kxg6 37. gxh6+ Kf5 38. Bd3 gxh6 39. Re1 Rh8 40.
Bxe4+ Kf6 41. Bc2 h5 42. Be5+ Kg5 43. Bxh8 h4 44. Rg1+ Kh5 45. Kg2 Kg4 46. Bd1+
Kf4 47. Kh2 Ke3 48. Bf6 Kd2 49. Bg5+ Kxc3 50. Bxh4 Kb2 51. Rg2+ Ka3 52. Be7 Kb4
53. Bxc5+ Kb5 54. a4+ Ka6 55. Be2+ Kb7 56. Be3 Kb8 57. Kg3 Ka8 58. Kf4 Kb7 59.
Ke5 Kb8 60. Kd6 Kb7 61. Kd7 Kb8 62. Ba6 Ka8 63. Rg8# 1-0

[Event "Tournoi francophone 013"]
[Site "Skype"]
[Date "????.??.??"]
[Round "6.14"]
[White "Moumtaz, Abderrahim"]
[Black "Duthoit, Bernard"]
[Result "1/2-1/2"]
[WhiteElo "1226"]
[BlackElo "1379"]
[PlyCount "50"]

1. d4 e6 2. c4 Nf6 3. Nc3 g6 4. e4 d6 5. Bg5 Be7 6. Nf3 Nfd7 7. Bxe7 Qxe7 8. e5
f6 9. exf6 Nxf6 10. Bd3 Nbd7 11. O-O O-O 12. Re1 c6 13. Qe2 Re8 14. Ng5 Nf8 15.
Nge4 Nxe4 16. Nxe4 d5 17. Ng3 Qg7 18. Qe5 Qxe5 19. dxe5 a6 20. b4 b5 21. c5 a5
22. a3 axb4 23. axb4 Rxa1 24. Rxa1 Re7 25. f3 Kg7 1/2-1/2

[Event "Tournoi francophone 013"]
[Site "Skype"]
[Date "????.??.??"]
[Round "6.15"]
[White "De Coninck, Philippe"]
[Black "Vincent, Andre"]
[Result "1-0"]
[WhiteElo "1173"]
[BlackElo "1377"]
[PlyCount "91"]

1. e4 c6 2. d4 d5 3. e5 Bf5 4. Nf3 e6 5. Bd3 Ne7 6. Bg5 Bxd3 7. Qxd3 Qc7 8. Nc3
Nf5 9. O-O-O h6 10. Bh4 Nxh4 11. Nxh4 Qe7 12. g3 Nd7 13. f4 O-O-O 14. Rhf1 Qe8
15. f5 Be7 16. fxe6 Bg5+ 17. Kb1 Qxe6 18. Qf5 Rdf8 19. Rd3 Bxh4 20. gxh4 g6 21.
Qf3 f5 22. Na4 b6 23. Rc3 Kc7 24. Qd3 b5 25. Qxb5 Rb8 26. Qa5+ Nb6 27. Nc5 Qc8
28. Na6+ Kb7 29. Nxb8 Qxb8 30. Qc5 Qc7 31. Rg1 Rg8 32. a4 Nxa4 33. Qb4+ Nb6 34.
h3 Kc8 35. Rf1 Nc4 36. Rf2 Nb6 37. e6 Re8 38. Re2 Qe7 39. Rxc6+ Kb7 40. Qxe7+
Rxe7 41. Rc3 Nd7 42. exd7 Rxd7 43. Re6 Rf7 44. Rb3+ Kc7 45. Rxg6 f4 46. Rg2 1-0

[Event "Tournoi francophone 013"]
[Site "Skype"]
[Date "????.??.??"]
[Round "6.16"]
[White "Pouteau, Pascal"]
[Black "Mantelli, Luca"]
[Result "1/2-1/2"]
[WhiteElo "1345"]
[BlackElo "1370"]
[PlyCount "48"]

1. d4 Nf6 2. c4 e6 3. Nc3 d5 4. Nf3 Nbd7 5. Bg5 c6 6. e3 Qa5 7. a3 Ne4 8. Qa4
Qxa4 9. Nxa4 dxc4 10. Bf4 b5 11. Nc3 Nxc3 12. bxc3 Bb7 13. Ne5 Nf6 14. Be2 Bd6
15. Nxf7 Kxf7 16. Bxd6 Ne4 17. Bb4 a5 18. Bc5 Nxc3 19. Bh5+ g6 20. Bf3 Rhe8 21.
Kd2 Nd5 22. Rhb1 Rad8 23. Be2 e5 24. Bxc4 exd4 1/2-1/2

[Event "Tournoi francophone 013"]
[Site "Skype"]
[Date "????.??.??"]
[Round "6.18"]
[White "Gadow, Martin"]
[Black "Douichi, Mohammed"]
[Result "0-1"]
[WhiteElo "1521"]
[BlackElo "1203"]
[PlyCount "57"]

1. d4 Nf6 2. Nf3 d5 3. Bf4 Bf5 4. Nbd2 Nc6 5. e3 a6 6. a3 e6 7. Bd3 Bxd3 8.
cxd3 Bd6 9. Ne5 Ne7 10. O-O Nf5 11. Nb3 O-O 12. Re1 Nd7 13. e4 dxe4 14. Nxd7
Qxd7 15. Bxd6 Qxd6 16. dxe4 Nh4 17. Qg4 Qe7 18. Re3 Ng6 19. e5 Qd7 20. Rd1 Qd5
21. h4 f5 22. exf6 Rxf6 23. h5 Nf4 24. Rg3 Nxh5 25. Re3 Re8 26. Re5 Qc6 27. Nc5
Rg6 28. Rg5 Nf6 29. Qxe6+ 0-1

[Event "Tournoi francophone 013"]
[Site "Skype"]
[Date "????.??.??"]
[Round "6.19"]
[White "Gharbi, Said"]
[Black "Dhenain, Sebastien"]
[Result "1-0"]
[WhiteElo "1456"]
[BlackElo "1086"]
[PlyCount "83"]

1. e4 e5 2. Nf3 Nf6 3. Bc4 d5 4. exd5 Nxd5 5. Nxe5 Be6 6. O-O Bd6 7. Re1 O-O 8.
Nc3 Nxc3 9. bxc3 Bxc4 10. Nxc4 Qh4 11. Nxd6 cxd6 12. Ba3 Rd8 13. Qf3 Nc6 14.
Qd5 Rab8 15. Bxd6 Ne7 16. Rxe7 Qf6 17. Rae1 h6 18. Rxb7 Rxb7 19. Qxb7 Qxd6 20.
d4 Qd7 21. Re7 Qxb7 22. Rxb7 Re8 23. Kf1 a5 24. Ra7 Rc8 25. Ke2 Rxc3 26. Kd2
Ra3 27. d5 Kf8 28. d6 Ke8 29. Re7+ Kd8 30. Rxf7 Ra4 31. Rxg7 Rd4+ 32. Kc1 Rxd6
33. Kb2 Ke8 34. f4 Rd2 35. f5 h5 36. f6 Kf8 37. Rg5 Rf2 38. Rxh5 Rxg2 39. h4
Kf7 40. Rg5 Rf2 41. h5 Rf5 42. Rxf5 1-0

[Event "Tournoi francophone 013"]
[Site "Skype"]
[Date "????.??.??"]
[Round "6.20"]
[White "Busto, Ricardo"]
[Black "Farfallini, Michel"]
[Result "0-1"]
[WhiteElo "1210"]
[BlackElo "1446"]
[PlyCount "52"]

1. d4 d5 2. Nf3 Nf6 3. Bf4 e6 4. e3 c6 5. Nbd2 Nbd7 6. Bd3 g6 7. h3 Bg7 8. c3
O-O 9. O-O Re8 10. Ne5 Nxe5 11. Bxe5 Nd7 12. Bxg7 Kxg7 13. Nf3 e5 14. dxe5 Nxe5
15. Nxe5 Rxe5 16. Qf3 Bf5 17. Bxf5 Rxf5 18. Qe2 Qd7 19. Rad1 Re8 20. Qc2 Rg5
21. g4 Qe6 22. Qb3 h5 23. f4 Qxe3+ 24. Kh1 Qe4+ 25. Kg1 hxg4 26. hxg4 Qe3+ 0-1

[Event "Tournoi francophone 013"]
[Site "Skype"]
[Date "????.??.??"]
[Round "6.21"]
[White "Abate, Luigi"]
[Black "Fouquereau, Andre"]
[Result "1-0"]
[WhiteElo "1189"]
[BlackElo "1433"]
[PlyCount "37"]

1. d4 d5 2. Nf3 Nf6 3. Bf4 Nbd7 4. Nc3 c6 5. e3 Nh5 6. Qd3 Nxf4 7. exf4 Nf6 8.
Ne5 g6 9. h3 Bg7 10. g4 Ne4 11. Bg2 Nd6 12. O-O-O a5 13. a4 Nc4 14. Nxc4 dxc4
15. Qxc4 Be6 16. d5 cxd5 17. Bxd5 Bxc3 18. Bxe6 fxe6 19. Rxd8+ 1-0

[Event "Tournoi francophone 013"]
[Site "Skype"]
[Date "????.??.??"]
[Round "6.22"]
[White "Rivalta, Paolo"]
[Black "Ambrosino, Theo"]
[Result "0-1"]
[WhiteElo "1101"]
[BlackElo "1339"]
[PlyCount "34"]

1. e4 d5 2. e5 d4 3. Nf3 Bf5 4. Bc4 e6 5. O-O Nd7 6. Re1 Nc5 7. d3 a6 8. b4 Na4
9. b5 Bb4 10. Nbd2 Nc3 11. bxa6 bxa6 12. a3 Ba5 13. Rb1 Nxd1 14. Rxd1 Bg4 15.
Bb2 Bxd2 16. Rxd2 Bxf3 17. gxf3 Qg5+ 0-1

[Event "Tournoi francophone 013"]
[Site "Skype"]
[Date "????.??.??"]
[Round "6.23"]
[White "Tamditi, Ibrahim"]
[Black "Ruiz Aguilera, Juan Jesus"]
[Result "1-0"]
[WhiteElo "1315"]
[BlackElo "1083"]
[PlyCount "69"]

1. e4 e5 2. Bc4 Bc5 3. Qh5 Qf6 4. Bxf7+ Qxf7 5. Qxe5+ Qe7 6. Qxc7 Qxe4+ 7. Ne2
Na6 8. Qg3 g6 9. d3 Qf5 10. O-O Nf6 11. Bh6 Ng4 12. d4 Nxh6 13. dxc5 Qxc5 14.
Nbc3 d5 15. Qe5+ Qe7 16. Qxh8+ Kf7 17. Qxh7+ Ke8 18. Qxh6 Bf5 19. Nd4 Rd8 20.
Rfe1 Be4 21. Nxe4 dxe4 22. Qxg6+ Kf8 23. Rxe4 Qf7 24. Rf4 Qxf4 25. Ne6+ Ke7 26.
Nxf4 Rd6 27. Re1+ Kd7 28. Qe8+ Kc7 29. Ne6+ Kb6 30. f4 Nc7 31. Nxc7 Kxc7 32.
Re7+ Kb6 33. Re6 Kc5 34. Rxd6 Kxd6 35. f5 1-0

[Event "Tournoi francophone 013"]
[Site "Skype"]
[Date "????.??.??"]
[Round "6.24"]
[White "Maccaferri, Massimo"]
[Black "Sauvaget, Joel"]
[Result "1/2-1/2"]
[WhiteElo "1074"]
[BlackElo "1290"]
[PlyCount "54"]

1. e4 e5 2. g4 g6 3. d4 exd4 4. Qxd4 f6 5. Bc4 Bg7 6. g5 c6 7. gxf6 Bxf6 8. e5
Bg7 9. Qf4 Nh6 10. Nf3 Rf8 11. Qe4 Rf5 12. Ng5 Rxe5 13. Qxe5+ Bxe5 14. Nxh7 Bg7
15. Rg1 Qe7+ 16. Be3 Nf5 17. Rxg6 Nxe3 18. fxe3 Qxe3+ 19. Be2 Bxb2 20. Rg3 Qc1+
21. Kf2 Bd4+ 22. Kg2 Qxc2 23. Rg8+ Ke7 24. Re8+ Kd6 25. Nc3 Qg6+ 26. Kh1 Qxe8
27. Rd1 Ke5 1/2-1/2

[Event "Tournoi francophone 013"]
[Site "Skype"]
[Date "????.??.??"]
[Round "6.25"]
[White "Vervoort, Jean-Louis"]
[Black "Dib, Catherine"]
[Result "1-0"]
[WhiteElo "1273"]
[BlackElo "1070"]
[PlyCount "43"]

1. d4 Nf6 2. Bf4 d6 3. d5 g6 4. f3 Bg7 5. e4 e5 6. Bg5 Nbd7 7. Bb5 O-O 8. Nh3
a6 9. Bxd7 Bxd7 10. c4 c5 11. O-O Nh5 12. Bxd8 Raxd8 13. Nc3 b5 14. b3 b4 15.
Na4 Rb8 16. f4 f5 17. fxe5 Bxe5 18. Rc1 Bd4+ 19. Kh1 Rfe8 20. exf5 Bxf5 21.
Rxf5 Re3 22. Rxh5 1-0

[Event "Tournoi francophone 013"]
[Site "Skype"]
[Date "????.??.??"]
[Round "6.26"]
[White "Rodriguez, Nathalie"]
[Black "Trapletti, Cosetta"]
[Result "1-0"]
[WhiteElo "1266"]
[BlackElo "1026"]
[PlyCount "49"]

1. d4 d5 2. Bf4 Nf6 3. Nc3 Bg4 4. Nb5 Qd7 5. Nxc7+ Kd8 6. Nxa8 Qc8 7. Nc7 Nbd7
8. Qd3 Nb6 9. f3 Bf5 10. Qb5 Bd7 11. Qa5 Nc4 12. Nxd5+ b6 13. Bc7+ Ke8 14.
Nxf6+ gxf6 15. Qxa7 Bh6 16. e4 Bd2+ 17. Kd1 Bf4 18. Bxc4 e6 19. Bxf4 Ke7 20.
Qa3+ Kd8 21. Bb3 Ke8 22. Ne2 b5 23. e5 Qc6 24. exf6 Qb6 25. Qe7# 1-0

[Event "Tournoi francophone 013"]
[Site "Skype"]
[Date "????.??.??"]
[Round "6.27"]
[White "Montilla Bejarano, Carmen"]
[Black "Hargez, Dany"]
[Result "1-0"]
[WhiteElo "1073"]
[BlackElo "1296"]
[PlyCount "91"]

1. d4 d5 2. Nc3 e6 3. Bf4 Bb4 4. Qd2 Nf6 5. f3 O-O 6. g4 Ne8 7. h4 Nf6 8. h5 h6
9. g5 hxg5 10. Bxg5 Qd6 11. Bf4 Qb6 12. h6 Bxc3 13. Qxc3 Nh7 14. hxg7 Kxg7 15.
Bh6+ Kg8 16. Bxf8 Nxf8 17. Qd2 Qxb2 18. Qg5+ Ng6 19. Rc1 Qb4+ 20. c3 Qe7 21.
Qh6 Qf6 22. Qh7+ Kf8 23. e3 c6 24. Bd3 Qg5 25. f4 Qg3+ 26. Kd1 Qg2 27. Bxg6
Qxg6 28. Qh8+ Qg8 29. Qf6 Nd7 30. Qd8+ Kg7 31. Qg5+ Kf8 32. Qh6+ Ke7 33. Nf3
Qg2 34. Qh4+ Kd6 35. Ng5 Qxa2 36. Nxf7+ Kc7 37. Qd8+ Kb8 38. Nd6 Qa4+ 39. Ke1
Nb6 40. Nxc8 Nxc8 41. Rh8 a5 42. Qxc8+ Ka7 43. Qxa8+ Kb6 44. Rb1+ Kc7 45. Qxb7+
Kd6 46. Rd8# 1-0

[Event "Tournoi francophone 013"]
[Site "Skype"]
[Date "????.??.??"]
[Round "6.28"]
[White "Canova, Felix"]
[Black "Guillaume, Mickael"]
[Result "0-1"]
[WhiteElo "1000"]
[BlackElo "1106"]
[PlyCount "70"]

1. e4 e5 2. Nf3 Nc6 3. Nc3 Nf6 4. d4 exd4 5. Nb5 Nxe4 6. Bd3 Qe7 7. O-O d5 8.
Qe1 a6 9. Na3 Bf5 10. Bg5 f6 11. Bh4 O-O-O 12. Rd1 Qe6 13. c4 dxc3 14. bxc3
Nxc3 15. Qxe6+ Bxe6 16. Rc1 Nxa2 17. Rce1 Re8 18. Bc4 dxc4 19. Re2 c3 20. Rxa2
Bxa2 21. Nc2 Bc5 22. Bg3 Bc4 23. Re1 Rxe1+ 24. Ncxe1 Rd8 25. h4 Rd1 26. Kh2 Nd4
27. Nxd4 Bxd4 28. Nf3 c2 29. Nxd4 Rxd4 30. f4 c1=Q 31. h5 Bd5 32. Kh3 Qh1+ 33.
Kg4 Qxg2 34. Kh4 Be6 35. Bf2 Qh3# 0-1

[Event "Tournoi francophone 013"]
[Site "Skype"]
[Date "????.??.??"]
[Round "6.29"]
[White "Schnell, Nicolas"]
[Black "Fernandez, Raquel"]
[Result "0-1"]
[WhiteElo "1099"]
[BlackElo "1043"]
[PlyCount "102"]

1. e4 e5 2. Nc3 Nf6 3. Nf3 Nc6 4. d3 Bb4 5. Bd2 d6 6. Nd5 Be6 7. Nxb4 Nxb4 8.
Bxb4 O-O 9. d4 exd4 10. Nxd4 Nxe4 11. Qf3 d5 12. Nxe6 fxe6 13. Qg3 Nxg3 14.
hxg3 Rf5 15. Bd3 Rg5 16. Bxh7+ Kf7 17. Bd2 Re5+ 18. Kf1 g5 19. Rh6 Kf8 20. Bc3
d4 21. Bb4+ c5 22. Bd2 Kg7 23. Rh5 Qf6 24. Bd3 Rf8 25. Rh7+ Kg8 26. Kg1 Qxf2+
27. Kh2 Qxd2 28. Bg6 Re1 29. Re7 Rxa1 30. Rxe6 Re1 31. Rd6 Re2 32. Rd7 Rxg2+
33. Kh3 Rh2+ 34. Kg4 Rh6 35. Be4 Qf2 36. Kxg5 Qe3+ 37. Kg4 Qxe4+ 38. Kg5 Qe3+
39. Kg4 Qe6+ 40. Kg5 Qxd7 41. Kxh6 Qg7+ 42. Kh5 Qxg3 43. Kh6 Qh3+ 44. Kg6 Qh7+
45. Kg5 Rf5+ 46. Kg4 Qh5+ 47. Kg3 Qf3+ 48. Kh4 Qf4+ 49. Kh3 Rh5+ 50. Kg2 Rh2+
51. Kg1 Qf2# 0-1

[Event "Tournoi francophone 013"]
[Site "Skype"]
[Date "????.??.??"]
[Round "6.30"]
[White "Tolaro, Filippa"]
[Black "Milanese, Serge"]
[Result "1/2-1/2"]
[WhiteElo "1065"]
[BlackElo "1202"]
[PlyCount "56"]

1. Nf3 c6 2. d4 d5 3. e3 Bf5 4. b3 Nd7 5. Nbd2 e6 6. Bb2 Bd6 7. c4 Ngf6 8. Be2
O-O 9. Ne5 Qa5 10. O-O Ba3 11. Bxa3 Qxa3 12. Nxd7 Nxd7 13. Nf3 Qd6 14. c5 Qc7
15. Nh4 Nf6 16. Nxf5 exf5 17. Bd3 Ng4 18. g3 g6 19. h3 Nxe3 20. fxe3 Qxg3+ 21.
Kh1 Qxh3+ 22. Kg1 Qxe3+ 23. Kg2 Rae8 24. Rf3 Qxd4 25. Rc1 Re3 26. Bxf5 Qxd1 27.
Rxd1 Re2+ 28. Kh3 Rxa2 1/2-1/2

[Event "Tournoi francophone 013"]
[Site "Skype"]
[Date "????.??.??"]
[Round "6.31"]
[White "Gagnon, Sindy"]
[Black "Coude, Josue"]
[Result "0-1"]
[WhiteElo "1043"]
[BlackElo "1078"]
[PlyCount "68"]

1. e4 e5 2. Nf3 Nc6 3. c3 Bc5 4. d4 exd4 5. cxd4 Bb4+ 6. Bd2 d5 7. Bd3 Nf6 8.
O-O dxe4 9. Re1 O-O 10. Bxe4 Nxe4 11. Rxe4 Re8 12. Rh4 Be7 13. Rh5 Bg4 14. Rb5
b6 15. Qc2 a6 16. Rb3 Bxf3 17. Rxf3 Nxd4 18. Qe4 Nxf3+ 19. Qxf3 f6 20. Nc3 Qxd2
21. Ne4 Qxb2 22. Rd1 Qxa2 23. Nc3 Qb3 24. Rd7 c5 25. h4 Rad8 26. Ra7 a5 27.
Qd5+ Rxd5 28. Nxd5 Qxd5 29. g4 c4 30. g5 fxg5 31. hxg5 Bxg5 32. f3 Qxf3 33. Kh2
Re2+ 34. Kg1 Qg2# 0-1

[Event "Tournoi francophone 013"]
[Site "Skype"]
[Date "????.??.??"]
[Round "6.32"]
[White "Rodriguez Tovar, Liliana"]
[Black "Ramirez, Luis Antonio"]
[Result "0-1"]
[WhiteElo "1000"]
[BlackElo "1075"]
[PlyCount "78"]

1. e4 e5 2. Nf3 h6 3. Nxe5 d6 4. Nf3 Qe7 5. Nc3 Nf6 6. Bb5+ c6 7. Bc4 d5 8. Bb3
Be6 9. d3 Qc7 10. h3 Be7 11. O-O O-O 12. e5 Nh7 13. Bf4 Nd7 14. a3 Nc5 15. Ba2
Rad8 16. b4 Nd7 17. Ne2 Kh8 18. Ng3 Rg8 19. Qd2 Rdf8 20. Rfe1 g5 21. d4 Rg6 22.
Bb1 gxf4 23. Qxf4 Bg5 24. Nxg5 hxg5 25. Qd2 Rfg8 26. Nh5 g4 27. Nf4 Rh6 28. c3
gxh3 29. Nxh3 Bxh3 30. Qxh6 Ndf8 31. Qxh3 Qe7 32. Bxh7 Nxh7 33. Re3 Rg6 34.
Qc8+ Qf8 35. Qf5 Qg8 36. Rh3 Rxg2+ 37. Kf1 Qg6 38. Qc8+ Kg7 39. Ra2 Rg1+ 0-1

[Event "Tournoi francophone 013"]
[Site "Skype"]
[Date "????.??.??"]
[Round "6.33"]
[White "Hampton, Irene"]
[Black "Porcabeuf, Jean-Marc"]
[Result "0-1"]
[WhiteElo "1000"]
[BlackElo "1229"]
[PlyCount "50"]

1. d4 d5 2. Nf3 Nf6 3. e3 e6 4. Bd3 Bd6 5. O-O b6 6. b3 Bb7 7. Nbd2 Nbd7 8. Bb2
c5 9. c3 O-O 10. Re1 Qc7 11. e4 dxe4 12. Nxe4 Nd5 13. a3 Rfe8 14. Nxd6 Qxd6 15.
Qc2 N7f6 16. c4 Nf4 17. Qd2 Bxf3 18. gxf3 Nh3+ 19. Kg2 Nf4+ 20. Kg1 N6h5 21. d5
exd5 22. Qc2 Nxd3 23. Qxd3 Nf4 24. Qc3 Qg6+ 25. Kh1 Qg2# 0-1

[Event "Tournoi francophone 013"]
[Site "Skype"]
[Date "????.??.??"]
[Round "7.1"]
[White "Thevenet, Yann"]
[Black "Hilton, Stephen"]
[Result "1-0"]
[WhiteElo "1986"]
[BlackElo "1865"]
[PlyCount "39"]

1. e4 c5 2. b3 Nc6 3. Bb2 Nf6 4. Nc3 a6 5. f4 d5 6. e5 Bg4 7. Be2 Bxe2 8. Ngxe2
Nd7 9. Nxd5 Ndxe5 10. Ne3 Ng6 11. O-O e6 12. f5 exf5 13. Nxf5 f6 14. Kh1 Kd7
15. d4 Kc7 16. d5 Nce5 17. d6+ Bxd6 18. Nxg7 Qd7 19. Rxf6 Rhg8 20. Nf5 1-0

[Event "Tournoi francophone 013"]
[Site "Skype"]
[Date "????.??.??"]
[Round "7.2"]
[White "Deville, Olivier"]
[Black "Rapaire, Jean-Michel"]
[Result "1-0"]
[WhiteElo "1823"]
[BlackElo "1742"]
[PlyCount "73"]

1. d4 d5 2. c4 e6 3. Nf3 Nf6 4. g3 Be7 5. Bg2 O-O 6. O-O Nbd7 7. Qc2 Ne4 8.
Nbd2 Nxd2 9. Nxd2 c6 10. e4 dxe4 11. Nxe4 Nf6 12. Rd1 Nxe4 13. Qxe4 Bg5 14. h4
Bxc1 15. Raxc1 Qa5 16. a3 Qb6 17. b4 Bd7 18. Qe5 a5 19. Qc5 Qxc5 20. dxc5 Rfd8
21. b5 cxb5 22. Bxb7 Rab8 23. c6 Bxc6 24. Rxd8+ Rxd8 25. Bxc6 bxc4 26. Rxc4 Rc8
27. Bb5 Rxc4 28. Bxc4 Kf8 29. Kg2 Ke7 30. a4 h6 31. Kf3 Kd6 32. Ke4 f6 33. Bb5
g5 34. Kd4 f5 35. f4 g4 36. h5 Ke7 37. Ke5 1-0